| 000 | 00967nam a22003017a 4500 | ||
|---|---|---|---|
| 003 | CHAP | ||
| 005 | 20220329140920.0 | ||
| 008 | 971013s1996 r 00010 d | ||
| 010 | _a59751 | ||
| 011 | _a60723 | ||
| 035 | _a64885 | ||
| 040 | _cCHAP | ||
| 090 | _aTesis | ||
| 100 | 0 | 0 |
_aRamos Llagas, Enrique. _994440 |
| 245 | _aEvaluación de materiales de cebolla (Allium cepa L.) en Salamanca, Gto. | ||
| 260 |
_aChapingo, Méx. : _bEl autor, _c1996 |
||
| 300 | _a87 h. | ||
| 502 | _aTesis (Ing. Agr. Esp. en Fitotecnia) -- UACH. Departamento de Fitotecnia | ||
| 590 |
_aALEPH _b10 _c20130110 _lUCH01 _h1338 |
||
| 590 |
_aBATCH-UPD _b10 _c20130110 _lUCH01 _h0813 |
||
| 590 |
_aCONVERSION _b10 _c20130109 _lUCH01 _h1332 |
||
| 650 | 1 | 4 |
_aCebolla _xGuanajuato. _920775 |
| 650 | 1 | 4 |
_aCebolla _xRendimiento. _920801 |
| 901 | _aBK | ||
| 942 | _cFOLL | ||
| 949 |
_bBC _cTES _d-142931 _eTS1 _h28751 _i64885 _sb |
||
| 949 |
_bBC _cTES _d33724000078689 _eTS2 _fc.2 _h28752 _i64885 _si |
||
| 999 |
_c59751 _d59751 |
||